000 00325nam a22001337a 4500
008 170614b xxu||||| |||| 00| 0 eng d
020 _a9780198294313
041 _aeng
080 _22ND
_a338
100 _a19
101 _aSHP
245 _aTHE POLITICAL ECONOMY OF THE WORLD TRADING SYSTEM
_cHOEKMAN,B.M
942 _2udc
_cBK
999 _c17307
_d17307